| 000 | 00711nam a2200289Ia 4500 | ||
|---|---|---|---|
| 001 | Z_4381 | ||
| 003 | CHAP | ||
| 008 | 220113s1977 xx 000 0 und d | ||
| 010 | _a167451 | ||
| 040 | _cCHAP | ||
| 082 | _a636.4085 C8 | ||
| 100 |
_aCunha, Tony J _930448 |
||
| 245 |
_aSwine feeding and nutrition / _cpor Tony J Cunha |
||
| 260 |
_aNew York : _bAcademic Press, _c1977 |
||
| 300 | _a352 p. | ||
| 440 |
_aAnimal feeding and nutrition _95850 |
||
| 500 | _a | ||
| 503 | _a138289 | ||
| 650 |
_aGanado porcino _xAlimentación _945329 |
||
| 650 |
_aGanado porcino _xNutrición _945390 |
||
| 901 | _a636.4085 C8 | ||
| 902 | _aA | ||
| 910 | _a1977 | ||
| 942 | _c1 | ||
| 942 | _cc1 | ||
| 999 |
_c167451 _d167451 |
||